| 000 | 00480nam a2200181Ia 4500 | ||
|---|---|---|---|
| 005 | 20250703151121.0 | ||
| 008 | 008 250516s9999 xx 000 0 eng d | ||
| 020 | _a9783030950439 | ||
| 040 |
_beng _cSDCL |
||
| 041 |
_aeng _2eng |
||
| 084 | _aD6,8(B),7 R2 | ||
| 100 |
_aKim, Haesik _9815154 |
||
| 245 | 0 | _aArtificial Intelligence for 6G | |
| 260 |
_aFinland : _bSpringer, _c2022. |
||
| 300 | _axviii, 525p. | ||
| 650 |
_aElectronic Science _9815155 |
||
| 942 |
_cTEXL _2CC |
||
| 999 |
_c1429426 _d1429426 |
||